Catálogo público

(Record no. 184776)

MARC details
000 -CABECERA
campo de control de longitud fija 01137nam a2200181Ia 4500
001 - NÚMERO DE CONTROL
campo de control IA_The results allowed to propose strategies that contribute to the improvement and optimization of the process, considering the enterprise current situation. The technical and engineering diagnosis enable to determine a low energy efficiency, probably due to inappropriate maintenance requirements for the boiler and other equipment. Control points and instruments were not enough or appropriate, consequently, a new control equipment was recommended.
008 - DATOS DE LONGITUD FIJA--INFORMACIÓN GENERAL
campo de control de longitud fija 220117s xx 000 0 und d
010 ## - NÚMERO DE CONTROL DE LA BIBLIOTECA DEL CONGRESO
Número de control de LC 184776
530 ## - NOTA DE FORMATO FÍSICO ADICIONAL DISPONIBLE
Nota de formato físico adicional disponible Disponible en PDF
583 ## - NOTA DE ACCIÓN
Acción 1 ej imp. ; 1 ej. CD
650 ## - PUNTO DE ACCESO ADICIONAL DE MATERIA--TÉRMINO DE MATERIA
Término de materia o nombre geográfico como elemento de entrada Agave salmiana
Subdivisión general Industria comercio
-- México
9 (RLIN) 157771
650 #0 - PUNTO DE ACCESO ADICIONAL DE MATERIA--TÉRMINO DE MATERIA
Término de materia o nombre geográfico como elemento de entrada Agave salmiana
Subdivisión general Industry and trade
Subdivisión geográfica Mexico
9 (RLIN) 157772
650 ## - PUNTO DE ACCESO ADICIONAL DE MATERIA--TÉRMINO DE MATERIA
Término de materia o nombre geográfico como elemento de entrada Agave salmiana
Subdivisión general Néctar
9 (RLIN) 157773
856 ## - LOCALIZACIÓN Y ACCESO ELECTRÓNICOS
Nombre del host Arreortua Chávez, Elisa, coaut. \ Hernández Ramos, Lyzbeth, dir. \ Ybarra Moncada, Ma. Carmen, asesor \ Pérez López, Artemio, asesor
942 ## - ELEMENTOS DE PUNTO DE ACCESO ADICIONAL (KOHA)
Tipo de ítem Koha

No items available.